000 00829nam2a2200241 4500
001 RU\NLR\bibl\25751
005 20250615020710.0
010 _a5-7287-0157-4
021 _aRU
_b99-12093
_9585
035 _a(NLR Aleph) 000025085
090 _a120340
_c120340
100 _a19990506d1999 |||y0rusy50 ca
101 1 _arus
_cger
102 _aRU
105 _aa |||||||||
200 0 _aТ. 2
215 _a478 с.
_cил.
461 0 _1001RU\NLR\bibl\26607
_12001#$aСобрание сочинений в двух томах$vТ. 2
_9125287
_aГримм, Я. (1785-1863)
_cМ.
_d1999
_fБратья Гримм
_nАлгоритм
_tСобрание сочинений в двух томах
_y5-88878-014-6
_vТ. 2
801 0 _aRU
_bNLR
_c19990506
_gPSBO
801 1 _aRU
_bNLR
_c19990506
852 _aNLR
_j99-5/799
942 _cBOOK
980 _aNB